[Event "?"]
[Site "?"]
[Date "2010.01.01"]
[Round "7.1"]
[White "Hein, Carsten"]
[Black "Rietze, Clemens"]
[Result "0-1"]
[WhiteElo "2127"]
[BlackElo "2186"]
[PlyCount "66"]
[EventDate "2010.??.??"]

1. c4 Nf6 2. Nc3 d5 3. cxd5 Nxd5 4. g3 g6 5. Bg2 Nb6 6. Nf3 Bg7 7. d3 Nc6 8.
Be3 O-O 9. O-O e5 10. Bc5 Re8 11. h4 h6 12. Rc1 Be6 13. Nd2 Rb8 14. b4 Ne7 15.
Nb5 Bxa2 16. Bxb6 cxb6 17. Nc7 Rf8 18. Qa4 Bd5 19. Nxd5 Nxd5 20. Qxa7 Nxb4 21.
Rb1 Nc6 22. Qxb6 Nd4 23. Rfe1 Qd7 24. Ne4 Qg4 25. f3 Qc8 26. Rbc1 Nxe2+ 27.
Rxe2 Qxc1+ 28. Kf2 f5 29. Nd6 Ra8 30. f4 Ra1 31. Qb3+ Kh7 32. fxe5 f4 33. gxf4
Qxf4+ 0-1

[Event "?"]
[Site "?"]
[Date "2010.01.01"]
[Round "7.2"]
[White "Trenner, Rolf"]
[Black "Schrodt, Sebastian"]
[Result "1-0"]
[WhiteElo "2280"]
[BlackElo "2054"]
[PlyCount "99"]
[EventDate "2010.??.??"]

1. d4 {[%emt 0:00:00]} Nf6 {[%emt 0:00:00]} 2. c4 c5 3. e3 g6 4. Nc3 Bg7 5. d5
e6 6. Nf3 exd5 7. Nxd5 Nxd5 8. Qxd5 d6 9. Be2 Nc6 10. O-O Be6 11. Qd2 O-O 12.
e4 Nd4 {[%emt 0:00:00]} 13. Nxd4 {[%emt 0:00:11]} Bxd4 {[%emt 0:00:06]} 14. Qc2
f5 15. Be3 Bxe3 16. fxe3 Qg5 17. Rf3 fxe4 18. Qxe4 Qe5 19. Qxe5 dxe5 20. Rd1
Rfd8 21. Rff1 Kg7 22. Kf2 Kf6 23. Kf3 Bf5 24. g4 Bc2 25. Rd5 Rxd5 26. cxd5 e4+
27. Kf4 b6 28. g5+ Ke7 29. Ke5 Bd3 30. d6+ Ke8 31. Ke6 Rd8 32. Rf2 Rd7 33. Bf1
Rg7 34. b3 b5 35. Kd5 c4 36. bxc4 bxc4 37. Bxd3 exd3 38. Kxc4 Kd7 39. Kd5 d2
40. Rxd2 Rf7 41. e4 Rf1 42. Ke5 Rc1 43. Kf6 Rc4 44. e5 Re4 45. a3 Re3 46. Rd4
Rf3+ 47. Kg7 Rxa3 48. e6+ Kd8 49. e7+ Kd7 50. Re4 1-0

[Event "?"]
[Site "?"]
[Date "2010.01.01"]
[Round "7.3"]
[White "Welz, Peter"]
[Black "Gebigke, Martin"]
[Result "0-1"]
[WhiteElo "2090"]
[BlackElo "2231"]
[PlyCount "92"]
[EventDate "2010.??.??"]

1. e4 c5 2. c3 Nf6 3. d3 Nc6 4. f4 g6 5. Nf3 Bg7 6. g3 O-O 7. Bg2 d6 8. O-O Rb8
9. h3 b5 10. a3 a5 11. g4 Qc7 12. Qe1 Ba6 13. Qe3 Qb6 14. Kh1 d5 15. e5 d4 16.
Qe1 Nd5 17. Nxd4 cxd4 18. Bxd5 Rbd8 19. Be4 Bb7 20. Nd2 f6 21. exf6 exf6 22. f5
Rfe8 23. Nf3 Ne5 24. Nxe5 Rxe5 25. Bf4 Rxe4 26. dxe4 Re8 27. Qf2 Rxe4 28. Kh2
Bf8 29. Bg3 Re3 30. fxg6 hxg6 31. h4 Bd6 32. Rg1 d3 33. Qxe3 Qxe3 34. Bxd6 Qf2+
35. Kh3 d2 36. Bg3 Qe2 37. h5 Bf3 38. hxg6 Bxg4+ 39. Kh4 f5 40. Kg5 Qe7+ 41.
Kf4 Qe4+ 42. Kg5 Kg7 43. Bf2 Qe7+ 44. Kf4 Kxg6 45. Bd4 Qe4+ 46. Kg3 Qf3+ 0-1

[Event "?"]
[Site "?"]
[Date "2010.01.01"]
[Round "7.4"]
[White "Illner, Kristof"]
[Black "Cusnariov, Nicolai"]
[Result "0-1"]
[WhiteElo "2104"]
[BlackElo "2173"]
[PlyCount "82"]
[EventDate "2010.??.??"]

1. e4 c6 2. d4 d5 3. e5 c5 4. Nf3 cxd4 5. Nxd4 Nc6 6. Bb5 Bd7 7. e6 fxe6 8.
Bxc6 bxc6 9. Qh5+ g6 10. Qe5 Nf6 11. Nxe6 Bxe6 12. Qxe6 Qd7 13. Qe2 Bg7 14. Nd2
O-O 15. O-O Rae8 16. Nb3 e5 17. Be3 Qb7 18. Na5 Qc7 19. Qa6 Rf7 20. Bd2 c5 21.
Qc6 Qb6 22. f3 Rc7 23. Qxb6 axb6 24. Nb3 e4 25. Rae1 Rce7 26. Kf2 c4 27. Nc1 d4
28. Bg5 e3+ 29. Ke2 Re6 30. Bxf6 Bxf6 31. b3 b5 32. f4 Rd6 33. Rf3 Bd8 34. a4
bxa4 35. bxc4 Ba5 36. Rd1 a3 37. Nb3 Bc3 38. f5 a2 39. fxg6 hxg6 40. Rf4 Ra6
41. Na1 Rc6 0-1

[Event "?"]
[Site "?"]
[Date "2010.01.01"]
[Round "7.5"]
[White "Barna, André"]
[Black "Allgaier, Erik"]
[Result "1-0"]
[WhiteElo "2168"]
[BlackElo "2073"]
[PlyCount "81"]
[EventDate "2010.??.??"]

1. e4 g6 2. d4 d6 3. Nc3 Bg7 4. Be3 a6 5. Qd2 Nc6 6. Nf3 Bg4 7. d5 Nb8 8. Nd4
Bd7 9. a4 c5 10. Nde2 b6 11. h4 h5 12. f3 Bc8 13. Nf4 Nd7 14. Be2 Ne5 15. Kf2
Nf6 16. b3 Bd7 17. Rag1 Qb8 18. Nd3 Nxd3+ 19. Qxd3 Qc7 20. g4 Qc8 21. g5 Nh7
22. f4 O-O 23. Rg3 Re8 24. Rhg1 Nf8 25. Bf3 Ra7 26. Ne2 b5 27. a5 b4 28. f5 Bb5
29. Qd2 gxf5 30. Nf4 Bc3 31. Qd1 fxe4 32. Bxe4 e5 33. Nxh5 Ng6 34. Nf6+ Kf8 35.
Nxe8 Kxe8 36. Bxg6 fxg6 37. Rf3 e4 38. Rf4 Qh3 39. Qg4 Qh2+ 40. Rg2 Qh1 41.
Qc8+ 1-0

[Event "?"]
[Site "?"]
[Date "2010.01.01"]
[Round "7.6"]
[White "Schirrmacher, Carsten"]
[Black "Binder, Thomas"]
[Result "1/2-1/2"]
[WhiteElo "2065"]
[BlackElo "1894"]
[PlyCount "67"]
[EventDate "2010.??.??"]

1. d4 d5 2. c4 c6 3. cxd5 cxd5 4. Bf4 Nc6 5. Nc3 e6 6. e3 Bb4 7. Bd3 Nge7 8.
Nf3 Ng6 9. Bg3 Bd7 10. Rc1 Rc8 11. O-O O-O 12. a3 Be7 13. b4 a6 14. Na4 Nxd4
15. exd4 Rxc1 16. Qxc1 Bxa4 17. Qe3 Bd6 18. Ne5 Nxe5 19. dxe5 Be7 20. Rc1 Qd7
21. Bf4 Rc8 22. Qa7 Rxc1+ 23. Bxc1 Qc8 24. Be3 Bf8 25. h3 g6 26. Bc5 Bxc5 27.
bxc5 Kg7 28. f4 Bc6 29. Qb6 Qd7 30. Kh2 d4 31. Qb3 Qd5 32. Qxd5 Bxd5 33. g4 Kf8
34. Kg3 1/2-1/2

[Event "?"]
[Site "?"]
[Date "2010.01.01"]
[Round "7.7"]
[White "Witt, Ronald"]
[Black "Neumaier, Hubert"]
[Result "0-1"]
[WhiteElo "2085"]
[BlackElo "1846"]
[PlyCount "88"]
[EventDate "2010.??.??"]

1. e4 d5 2. exd5 Qxd5 3. Nc3 Qd6 4. g3 c6 5. Bg2 Nf6 6. Nge2 Bg4 7. d4 e6 8.
Bf4 Qd8 9. h3 Bh5 10. g4 Bg6 11. Qd2 Bb4 12. a3 Ba5 13. b4 Bc7 14. Bxc7 Qxc7
15. Nf4 Nbd7 16. Nxg6 hxg6 17. Ne2 Nb6 18. Qf4 O-O-O 19. Qxc7+ Kxc7 20. O-O-O
Nc4 21. Rd3 a5 22. bxa5 Ra8 23. Rc3 Nxa5 24. a4 Nd5 25. Bxd5 exd5 26. Nf4 Nc4
27. Kd1 Rxa4 28. Ke2 Re8+ 29. Kf3 Nd2+ 30. Kg2 Rxd4 31. Nd3 Rc4 32. Rxc4 Nxc4
33. h4 Kd6 34. h5 gxh5 35. Rxh5 g6 36. Rh7 Re7 37. Nf4 Na3 38. c3 Nb5 39. Rh3
Re4 40. Kg3 Nxc3 41. f3 Ne2+ 42. Nxe2 Rxe2 43. Rh8 Re7 44. Kf4 d4 0-1

[Event "?"]
[Site "?"]
[Date "2010.01.01"]
[Round "7.9"]
[White "Godoj, Veit"]
[Black "Schiffermueller, Stefan"]
[Result "1-0"]
[WhiteElo "2072"]
[BlackElo "1963"]
[PlyCount "39"]
[EventDate "2010.??.??"]

1. d4 Nf6 2. Nf3 e6 3. e3 b6 4. Bd3 Bb7 5. Nbd2 d5 6. O-O c5 7. b3 Bd6 8. Bb2
Nc6 9. Ne5 O-O 10. a3 Qc7 11. f4 Nd7 12. Qh5 f5 13. Rf3 cxd4 14. exd4 a5 15.
Rh3 Nf6 16. Qh4 g6 17. Ndf3 Nh5 18. Ng5 Qe7 19. Be2 Nf6 20. Nxg6 1-0

[Event "?"]
[Site "?"]
[Date "2010.01.01"]
[Round "7.10"]
[White "Kasper, Mike"]
[Black "Francke, Joerg"]
[Result "0-1"]
[WhiteElo "1956"]
[BlackElo "2053"]
[PlyCount "68"]
[EventDate "2010.??.??"]

1. e4 e5 2. Nf3 Nf6 3. Nxe5 d6 4. Nxf7 Kxf7 5. d4 c6 6. Nc3 Be7 7. Bc4+ Be6 8.
d5 cxd5 9. Nxd5 Nc6 10. O-O Qd7 11. f4 Bxd5 12. Bxd5+ Nxd5 13. Qxd5+ Qe6 14.
Qh5+ g6 15. Qf3 Rhf8 16. f5 gxf5 17. exf5 Qf6 18. Qb3+ Kg7 19. Qxb7 Qd4+ 20.
Kh1 Qb6 21. Qd7 Rf7 22. b3 Ne5 23. Qe6 Bf6 24. Bb2 Raf8 25. Rad1 Ng4 26. Bxf6+
Rxf6 27. Qe2 Ne3 28. Rf3 Nxd1 29. Qxd1 Qc5 30. Rg3+ Kf7 31. Qh5+ Ke7 32. Rg7+
R8f7 33. Qe2+ Qe5 34. Rxf7+ Rxf7 0-1

[Event "?"]
[Site "?"]
[Date "2010.01.01"]
[Round "7.12"]
[White "Bernhoeft, Erhard"]
[Black "Sicora, Carsten"]
[Result "1/2-1/2"]
[WhiteElo "2021"]
[BlackElo "1926"]
[PlyCount "126"]
[EventDate "2010.??.??"]

1. g3 {[%emt 0:00:00]} Nf6 2. c4 g6 3. Bg2 Bg7 4. Nc3 O-O 5. d3 d6 6. Nf3 e5 7.
O-O c6 8. h3 h6 9. Rb1 Be6 10. b4 Nbd7 11. Nd2 d5 12. Qc2 Nb6 13. c5 Nbd7 14.
Nb3 Qe7 15. b5 d4 16. bxc6 bxc6 17. Na4 Bd5 18. Na5 Bxg2 19. Kxg2 Qe6 20. Qc4
Nd5 21. e4 dxe3 22. fxe3 f5 23. Bd2 Kh7 24. e4 fxe4 25. dxe4 Nc7 26. Rxf8 Rxf8
27. Qxe6 Nxe6 28. Nxc6 Ndxc5 29. Nxc5 Nxc5 30. Bb4 Rc8 31. Nxa7 Rb8 32. a3 Nxe4
33. Re1 Rb7 34. Nc8 Rc7 35. Ne7 Rc2+ 36. Kf3 Nc3 37. Bxc3 Rxc3+ 38. Re3 Rc1 39.
Ke4 Rc4+ 40. Kd5 Rd4+ 41. Ke6 Ra4 42. Nc6 e4 43. Rb3 h5 44. Kd5 Bh6 45. Rb7+
Bg7 46. Rb3 Bf8 47. Ne5 Bg7 48. Nc4 Bf8 49. Rb7+ Kh6 50. Rb3 Kg5 51. Re3 Ra8
52. Kxe4 Re8+ 53. Kf3 Ra8 54. Ke4 Ra4 55. Kd5 Ra8 56. Rb3 Rd8+ 57. Ke6 Rc8 58.
Ne5 Re8+ 59. Kd5 Rd8+ 60. Ke4 Ra8 61. Nc4 Re8+ 62. Kf3 Rc8 63. Rb5+ Kh6 1/2-1/2

[Event "?"]
[Site "?"]
[Date "2010.01.01"]
[Round "7.13"]
[White "Cech, Tim"]
[Black "Schlueter, Bernd"]
[Result "0-1"]
[WhiteElo "1420"]
[BlackElo "2004"]
[PlyCount "62"]
[EventDate "2010.??.??"]

1. c4 Nf6 2. d4 g6 3. g3 Bg7 4. Bg2 O-O 5. Nf3 d6 6. O-O Nc6 7. Nc3 a6 8. Bg5
h6 9. Bf4 g5 10. Nxg5 hxg5 11. Bxg5 Nh7 12. Bd2 Nxd4 13. Qc1 c5 14. Bh6 e6 15.
g4 Qf6 16. g5 Bxh6 17. gxf6 Bxc1 18. Raxc1 Nxf6 19. e3 Nc6 20. Kh1 Rd8 21. Rg1
Kf8 22. h4 Ke7 23. Ne4 Nxe4 24. Bxe4 Bd7 25. Rg3 Rh8 26. Rh3 Rh6 27. h5 Rah8
28. Bf3 f5 29. Rg1 Kf6 30. Rg2 Be8 31. Rgh2 e5 0-1

[Event "?"]
[Site "?"]
[Date "2010.01.01"]
[Round "7.14"]
[White "Rackowiak, Hans"]
[Black "Haar, Reinhard"]
[Result "1-0"]
[WhiteElo "1987"]
[BlackElo "1471"]
[PlyCount "39"]
[EventDate "2010.??.??"]

1. d4 Nf6 2. Bf4 d5 3. e3 e6 4. Nd2 h6 5. Bd3 Bd6 6. Bg3 Bxg3 7. hxg3 Nbd7 8.
Ngf3 c5 9. c3 b6 10. Qe2 c4 11. Bc2 Bb7 12. e4 dxe4 13. Nxe4 Bxe4 14. Bxe4 Nxe4
15. Qxe4 Rc8 16. Rd1 Nf6 17. Qe5 Qd5 18. O-O Qxe5 19. dxe5 O-O 20. exf6 1-0

[Event "?"]
[Site "?"]
[Date "2010.01.01"]
[Round "7.15"]
[White "Müller, Klaus"]
[Black "Vachkov, Temi"]
[Result "1-0"]
[WhiteElo "2045"]
[BlackElo "1804"]
[PlyCount "97"]
[EventDate "2010.??.??"]

1. e4 d6 2. d4 g6 3. Nc3 Bg7 4. Be3 Nf6 5. f3 Nbd7 6. Nh3 e5 7. d5 a5 8. a4 Nc5
9. Nf2 O-O 10. Qd2 c6 11. dxc6 bxc6 12. Rd1 Nb7 13. Be2 Be6 14. Bg5 Qb6 15. Be3
Qc7 16. O-O d5 17. exd5 Nxd5 18. Nxd5 cxd5 19. Bd3 Nd6 20. b3 f5 21. Bh6 e4 22.
Bxg7 Kxg7 23. Be2 Ne8 24. fxe4 dxe4 25. Nh3 Nf6 26. Nf4 Bf7 27. Qe3 Rfd8 28. c4
g5 29. Nd5 Qa7 30. Qxa7 Rxa7 31. Rxf5 Nxd5 32. cxd5 Kg6 33. Re5 Re8 34. Rxe8
Bxe8 35. Kf2 Kf6 36. Ke3 Ke5 37. d6 Bd7 38. Bc4 Be6 39. Bxe6 Kxe6 40. Kxe4 Rd7
41. Rd5 Rxd6 42. Rxd6+ Kxd6 43. Kd4 Kc6 44. Kc4 h5 45. b4 axb4 46. Kxb4 g4 47.
g3 Kb7 48. Kc5 Ka6 49. Kd5 1-0

[Event "?"]
[Site "?"]
[Date "2010.01.01"]
[Round "7.16"]
[White "Kliem, Helmut"]
[Black "Bachran, Boris"]
[Result "1/2-1/2"]
[WhiteElo "1846"]
[BlackElo "1951"]
[PlyCount "119"]
[EventDate "2010.??.??"]

1. e4 c5 2. Nf3 Nc6 3. d4 cxd4 4. Nxd4 e5 5. Nb5 a6 6. Nd6+ Bxd6 7. Qxd6 Qf6 8.
Qd1 Qg6 9. Nc3 Nf6 10. f3 d5 11. Nxd5 Nxd5 12. Qxd5 Be6 13. Qc5 Rc8 14. Qf2 Nb4
15. c3 Nxa2 16. Bd2 Bb3 17. Bd3 O-O 18. O-O Rfd8 19. Bb1 Qe6 20. Be3 Rc6 21.
Bxa2 Bxa2 22. Rfd1 Rcd6 23. Rxd6 Rxd6 24. h3 Bb3 25. Qe1 Qd7 26. Qg3 Rd1+ 27.
Rxd1 Qxd1+ 28. Kh2 f6 29. Qg4 Qd8 30. h4 Kf7 31. h5 Be6 32. Qg3 Qd3 33. Qf2 b5
34. Qd2 Qxd2 35. Bxd2 a5 36. Kg3 Ke7 37. Kf2 Kd6 38. Be3 a4 39. g3 Bf7 40. g4
g6 41. hxg6 hxg6 42. Bb6 Be6 43. Ke2 f5 44. gxf5 gxf5 45. Bf2 fxe4 46. fxe4 Kc6
47. Bg3 Kc5 48. Bxe5 Kc4 49. Kd2 Kb3 50. Kc1 Bg8 51. Bd4 Bh7 52. e5 Bf5 53. Bc5
Kc4 54. Bd4 b4 55. Bb6 bxc3 56. bxc3 a3 57. Bd4 Kb3 58. c4 Kxc4 59. Ba1 Kd3 60.
Kd1 1/2-1/2

[Event "?"]
[Site "?"]
[Date "2010.01.01"]
[Round "7.17"]
[White "Große, Michael"]
[Black "Steppan, Siegfried"]
[Result "1-0"]
[WhiteElo "1902"]
[BlackElo "1591"]
[PlyCount "39"]
[EventDate "2010.??.??"]

1. d4 Nf6 2. Bg5 c5 3. d5 Qb6 4. Nc3 Qxb2 5. Bd2 Qb6 6. e4 d6 7. f4 g6 8. e5
dxe5 9. fxe5 Nfd7 10. Nf3 a6 11. Bc4 Bg7 12. Qe2 O-O 13. O-O Qc7 14. e6 Nb6 15.
Ng5 Bd4+ 16. Kh1 f6 17. Nxh7 Nxc4 18. Nxf8 Nxd2 19. Qg4 Kxf8 20. Qxg6 1-0

[Event "?"]
[Site "?"]
[Date "2010.01.01"]
[Round "7.18"]
[White "Bauer, Norbert"]
[Black "Mühlhan, Klaus"]
[Result "1-0"]
[WhiteElo "2064"]
[BlackElo "1932"]
[PlyCount "55"]
[EventDate "2010.??.??"]

1. d4 Nf6 2. c4 c5 3. d5 b5 4. cxb5 a6 5. bxa6 Bxa6 6. Nc3 g6 7. Nf3 Bg7 8. e4
Bxf1 9. Kxf1 d6 10. g3 O-O 11. Kg2 Nbd7 12. h3 Qa5 13. Re1 Rfb8 14. e5 dxe5 15.
Nxe5 Nxe5 16. Rxe5 Rb7 17. Qe2 Qd8 18. Qf3 Raa7 19. Re2 Rd7 20. Be3 Ra5 21. Rd1
c4 22. Red2 Ne8 23. Qg4 Nf6 24. Qxc4 Qa8 25. Qc6 Rb7 26. d6 Ra6 27. d7 Rxc6 28.
d8=Q+ 1-0

[Event "?"]
[Site "?"]
[Date "2010.01.01"]
[Round "7.19"]
[White "Petrak, Falk"]
[Black "Perestjuk, Marko"]
[Result "0-1"]
[WhiteElo "1747"]
[BlackElo "1902"]
[PlyCount "68"]
[EventDate "2010.??.??"]

1. d4 {[%emt 0:00:00]} d5 2. c4 e6 3. cxd5 exd5 4. Nc3 Nf6 5. Bg5 Be7 6. e3 c6
7. Bd3 O-O 8. Qc2 Nbd7 9. Nf3 Re8 10. O-O Nf8 11. Rab1 a5 12. a4 Bg4 13. Ne5
Bh5 14. Bf5 Bg6 15. Nxg6 hxg6 16. Bxf6 gxf6 17. Bd3 f5 18. Ne2 Nd7 19. Nf4 Nf6
20. Be2 Kg7 21. Nd3 Rh8 22. Rfc1 Bd6 23. g3 Rh6 24. Kg2 Qh8 25. Rh1 Rh3 26. Qd1
Qh7 27. b4 Ne4 28. Qe1 Rh8 29. Qg1 axb4 30. f4 Nc3 31. Re1 Nxa4 32. Ra1 b5 33.
Bd1 Nc3 34. Bb3 Ne2 0-1

[Event "?"]
[Site "?"]
[Date "2010.01.01"]
[Round "7.20"]
[White "Bielick, Jakob"]
[Black "Osvath, Zoltan"]
[Result "1-0"]
[WhiteElo "1655"]
[BlackElo "1900"]
[PlyCount "67"]
[EventDate "2010.??.??"]

1. e4 e5 2. Nf3 Nc6 3. Bc4 Be7 4. d4 d6 5. d5 Nb8 6. Nc3 Bg4 7. h3 Bh5 8. Be3
Nd7 9. Qd2 Ngf6 10. O-O-O a6 11. Bd3 c5 12. dxc6 bxc6 13. g4 Bg6 14. g5 Nh5 15.
Nh4 O-O 16. Be2 Nf4 17. Bxf4 exf4 18. Nf3 Ne5 19. h4 Nxf3 20. Bxf3 f6 21. h5
Be8 22. g6 hxg6 23. hxg6 Bxg6 24. Rdg1 Qe8 25. Qxf4 f5 26. Qg3 Rf6 27. Bh5 d5
28. e5 f4 29. Qg4 Bb4 30. exf6 Qe5 31. Bxg6 d4 32. Rh8+ Kxh8 33. Qh4+ Kg8 34.
Qh7+ 1-0

[Event "?"]
[Site "?"]
[Date "2010.01.01"]
[Round "7.21"]
[White "Eichstaedt, Mirko"]
[Black "Scholz, Ralf-Dieter"]
[Result "0-1"]
[WhiteElo "1575"]
[BlackElo "1885"]
[PlyCount "68"]
[EventDate "2010.??.??"]

1. c4 g6 2. Nc3 Bg7 3. g3 c5 4. Bg2 Nc6 5. Nf3 Nf6 6. O-O O-O 7. d4 cxd4 8.
Nxd4 a6 9. a3 Qc7 10. Nxc6 dxc6 11. Ne4 Nxe4 12. Bxe4 Bh3 13. Bg2 Rad8 14. Qc2
Bxg2 15. Kxg2 Qe5 16. Rb1 Rd7 17. Rd1 Rxd1 18. Qxd1 Qe4+ 19. f3 Qxb1 20. Qd2
Qa2 21. Qb4 e6 22. Kf2 b5 23. cxb5 cxb5 24. b3 Qc2 25. Be3 Qc3 26. Qd6 a5 27.
Bc5 Rc8 28. b4 axb4 29. axb4 Qc4 30. Qd7 Ra8 31. Qb7 Qd5 32. Qxb5 Bd4+ 33. Kg2
Bxc5 34. bxc5 Rc8 0-1

[Event "?"]
[Site "?"]
[Date "2010.01.01"]
[Round "7.22"]
[White "Brinckmann, Dieter"]
[Black "Krueger, Kay"]
[Result "1-0"]
[WhiteElo "1819"]
[BlackElo "1502"]
[PlyCount "74"]
[EventDate "2010.??.??"]

1. d4 c5 2. d5 d6 3. c4 g6 4. Nc3 Bg7 5. Nf3 Nf6 6. e4 Bg4 7. Be2 O-O 8. O-O
Nbd7 9. Nh4 Bxe2 10. Qxe2 a6 11. f4 e6 12. dxe6 fxe6 13. Nf3 Ng4 14. h3 Nh6 15.
Be3 Nf7 16. Rad1 Qc7 17. Rd2 Rad8 18. Rfd1 Rfe8 19. Bf2 Bf6 20. g3 h6 21. Kh2
Kh7 22. Qd3 Nf8 23. Qc2 Kg7 24. Kg2 Kh7 25. f5 g5 26. fxe6 Ne5 27. Nd5 Qg7 28.
Nxe5 Bxe5 29. e7 Rxe7 30. Nxe7 Qxe7 31. Rf1 Ne6 32. Qb3 Rf8 33. Qd3 h5 34. Be3
h4 35. Rxf8 Qxf8 36. Rf2 Nf4+ 37. gxf4 gxf4 1-0

[Event "?"]
[Site "?"]
[Date "2010.01.01"]
[Round "7.23"]
[White "Mildenberger, Hans"]
[Black "Maslov, Maxim"]
[Result "0-1"]
[WhiteElo "1636"]
[BlackElo "1778"]
[PlyCount "56"]
[EventDate "2010.??.??"]

1. d4 f5 2. c4 Nf6 3. Nf3 e6 4. e3 d5 5. Be2 c6 6. O-O Bd6 7. Nc3 O-O 8. a3
Nbd7 9. b4 a6 10. c5 Bc7 11. Bb2 Qe7 12. Nd2 e5 13. f4 exd4 14. exd4 Qe3+ 15.
Kh1 Qxd4 16. Na4 Qe3 17. Rf3 Qe8 18. Nf1 Ne4 19. Nc3 Ndf6 20. Bd3 Be6 21. Ne2
Qd7 22. Kg1 Bf7 23. Qe1 Bh5 24. Rh3 Bxe2 25. Qxe2 Bxf4 26. Qf3 Bc7 27. Bxf6
Rxf6 28. Rd1 Ng5 0-1

[Event "?"]
[Site "?"]
[Date "2010.01.01"]
[Round "7.24"]
[White "Ispirjan, Mikael"]
[Black "Heinrich, Philipp"]
[Result "1-0"]
[WhiteElo "1756"]
[BlackElo "1335"]
[PlyCount "67"]
[EventDate "2010.??.??"]

1. e4 c5 2. Nf3 d6 3. d4 cxd4 4. Nxd4 Nc6 5. Nc3 g6 6. Be3 Bg7 7. Bc4 Nf6 8. f3
Bd7 9. Qd2 O-O 10. O-O-O Rc8 11. Bb3 Ne5 12. g4 Nc4 13. Bxc4 Rxc4 14. h4 h5 15.
gxh5 Nxh5 16. Nde2 Kh7 17. Kb1 Rh8 18. Bd4 Kg8 19. Bxg7 Nxg7 20. Nf4 Rc5 21.
Rdg1 Nh5 22. Ncd5 e6 23. Nxh5 exd5 24. Ng3 Rxh4 25. exd5 Rxh1 26. Rxh1 Qf6 27.
Ne4 Qxf3 28. Qh6 Bh3 29. Qxh3 Qxh3 30. Rxh3 Rc4 31. Nxd6 Rd4 32. Rd3 Rf4 33.
Kc1 b6 34. Nb7 1-0

[Event "?"]
[Site "?"]
[Date "2010.01.01"]
[Round "7.25"]
[White "Heinrich, Daniela"]
[Black "Ulrich, Gert"]
[Result "1/2-1/2"]
[WhiteElo "1421"]
[BlackElo "1753"]
[PlyCount "36"]
[EventDate "2010.??.??"]

1. e4 c5 2. Nc3 e6 3. f4 a6 4. Nf3 Nc6 5. b3 Nge7 6. d4 cxd4 7. Nxd4 Nxd4 8.
Qxd4 Nc6 9. Qf2 Bb4 10. Bd2 O-O 11. Nd1 Be7 12. Bd3 d5 13. Nb2 dxe4 14. Bxe4
Bf6 15. O-O-O Qc7 16. g4 Bd7 17. Nc4 b5 18. Qb6 Ra7 1/2-1/2

[Event "?"]
[Site "?"]
[Date "2010.01.01"]
[Round "7.27"]
[White "Schrodt, Horst"]
[Black "Reyher, Susan"]
[Result "1-0"]
[WhiteElo "1673"]
[BlackElo "999"]
[PlyCount "107"]
[EventDate "2010.??.??"]

1. d4 d5 2. c4 dxc4 3. Nf3 Bf5 4. Nc3 Nf6 5. e3 e6 6. Bxc4 Nbd7 7. O-O Be7 8.
b3 O-O 9. Bb2 Nb6 10. Be2 c5 11. dxc5 Bxc5 12. Rc1 Rc8 13. Nh4 Bg6 14. Nxg6
fxg6 15. Qxd8 Rfxd8 16. Rfd1 Rxd1+ 17. Rxd1 Bb4 18. Rc1 Rd8 19. Rc2 Rc8 20. Rc1
Rd8 21. Nb1 Rd7 22. Bd4 Ba5 23. Bb5 Rf7 24. Na3 a6 25. Bxb6 Bxb6 26. Bc4 Re7
27. Rd1 Bc5 28. Nc2 b5 29. Be2 Ne4 30. Rd3 Nf6 31. g3 Rc7 32. Bf3 Be7 33. Nd4
Kf7 34. Kg2 Rd7 35. Rc3 Nd5 36. Bxd5 Rxd5 37. Rc6 a5 38. Rxe6 Bf6 39. Rb6 Bxd4
40. exd4 b4 41. Ra6 Ke7 42. Kf3 Rxd4 43. Rxa5 Kd6 44. Ke3 Rg4 45. h3 Rg5 46.
Rxg5 Ke6 47. Rb5 Kf6 48. Rxb4 Ke6 49. a4 Kd6 50. Rc4 Kd5 51. a5 Kd6 52. a6 Ke6
53. a7 Kf6 54. a8=Q 1-0

[Event "?"]
[Site "?"]
[Date "2010.01.01"]
[Round "7.28"]
[White "Swoboda, Julia"]
[Black "Toth, Hans-Juergen"]
[Result "1-0"]
[WhiteElo "1097"]
[BlackElo "1684"]
[PlyCount "98"]
[EventDate "2010.??.??"]

1. e4 e6 2. d4 d5 3. Nc3 Bb4 4. e5 c5 5. dxc5 Bxc5 6. Nf3 Nc6 7. Be2 Nge7 8.
O-O O-O 9. a3 a6 10. b4 Ba7 11. Bd3 h6 12. Ne2 Bd7 13. c4 Qc7 14. Bf4 Rfd8 15.
c5 g5 16. Bg3 Nf5 17. Qc2 Kg7 18. Rae1 Nxg3 19. Nxg3 Nxe5 20. Nh5+ Kf8 21. Nxe5
Be8 22. Re3 f5 23. Qd1 a5 24. f4 g4 25. Ng3 b6 26. Qc2 axb4 27. axb4 Rdc8 28.
c6 b5 29. Rfe1 Bxe3+ 30. Rxe3 Qb6 31. Kf2 Bxc6 32. Ng6+ Kg7 33. Bxf5 Bd7 34.
Nh5+ Kg8 35. Ne7+ Kf7 36. Nxc8 Rxc8 37. Bg6+ Kf8 38. Qb2 d4 39. Rd3 e5 40. f5
Rc3 41. Ke2 Rxd3 42. Kxd3 Qc6 43. Qb3 Be8 44. Bxe8 Qxe8 45. Nf6 Qf7 46. Qxf7+
Kxf7 47. Nxg4 h5 48. Nxe5+ Kf6 49. Kxd4 Kxf5 1-0

[Event "?"]
[Site "?"]
[Date "2010.01.01"]
[Round "7.29"]
[White "von Bassewitz, Ingo"]
[Black "Paul, Fabian"]
[Result "1-0"]
[WhiteElo "1941"]
[BlackElo "1047"]
[PlyCount "55"]
[EventDate "2010.??.??"]

1. e4 c5 2. d4 cxd4 3. c3 dxc3 4. Nxc3 Nc6 5. Nf3 g6 6. Bc4 Bg7 7. Qd5 e6 8.
Qd6 Nge7 9. Bg5 f6 10. Bf4 O-O 11. O-O Re8 12. Qd2 g5 13. Bg3 h6 14. Nb5 Ne5
15. Nxe5 fxe5 16. Nd6 Rf8 17. Rad1 a6 18. Bb3 Rb8 19. Nxc8 Qxc8 20. Qxd7 Qxd7
21. Rxd7 Kf7 22. Rd6 Ng6 23. Rxe6 Nf4 24. Rxa6+ Ke7 25. Rb6 h5 26. Bxf4 exf4
27. Bd5 Rf7 28. Bxf7 1-0

[Event "?"]
[Site "?"]
[Date "2010.01.01"]
[Round "7.30"]
[White "Eichstaedt, Ina"]
[Black "Neumann, Ingo"]
[Result "0-1"]
[WhiteElo "894"]
[BlackElo "1609"]
[PlyCount "66"]
[EventDate "2010.??.??"]

1. e4 c5 2. Nf3 Nc6 3. Nc3 e6 4. Bb5 d5 5. exd5 exd5 6. Qe2+ Be7 7. d3 Nf6 8.
Bg5 O-O 9. O-O Bg4 10. Bxc6 bxc6 11. Rfe1 Re8 12. h3 Bh5 13. a3 h6 14. Be3 d4
15. Bd2 dxc3 16. Bxc3 Bd6 17. Qd2 Bxf3 18. gxf3 Nd5 19. Rxe8+ Qxe8 20. Re1 Qd7
21. Be5 Bxe5 22. Rxe5 Re8 23. Qe2 Rxe5 24. Qxe5 f6 25. Qb8+ Kh7 26. c4 Ne7 27.
b4 cxb4 28. axb4 Ng6 29. b5 cxb5 30. cxb5 Ne5 31. f4 Nxd3 32. b6 axb6 33. Qxb6
Nxf4 0-1

[Event "?"]
[Site "?"]
[Date "2010.01.01"]
[Round "7.31"]
[White "Nguyen, Anh Van"]
[Black "Leyrer, Thomas"]
[Result "1-0"]
[WhiteElo "1291"]
[BlackElo "751"]
[PlyCount "117"]
[EventDate "2010.??.??"]

1. e4 e5 2. Nc3 Bc5 3. f4 d6 4. Nf3 Nc6 5. d3 Bg4 6. h3 Bxf3 7. Qxf3 Qh4+ 8. g3
Nd4 9. gxh4 Nxf3+ 10. Ke2 Nd4+ 11. Kd1 Ne7 12. Be2 Ng6 13. Nd5 O-O-O 14. Bg4+
Kb8 15. c3 Nc6 16. b4 Bf2 17. h5 Nxf4 18. Nxf4 exf4 19. Bxf4 Bh4 20. Kd2 Bf6
21. Rab1 Be5 22. Be3 a5 23. bxa5 Nxa5 24. Rb5 b6 25. Rhb1 Ka8 26. R1b4 Nc6 27.
Rc4 Na7 28. Rbb4 d5 29. exd5 Rxd5 30. Bf3 b5 31. Bxd5+ Kb8 32. Bxa7+ Kxa7 33.
Rxc7+ Bxc7 34. Rxb5 Bf4+ 35. Kc2 Ka6 36. Bc4 Ka7 37. Rf5 Bh6 38. Rxf7+ Kb6 39.
Kb3 Re8 40. d4 Re2 41. Bxe2 g6 42. Rxh7 Bf4 43. hxg6 Bd6 44. g7 Kc6 45. g8=R
Kd5 46. Rg6 Bb8 47. Rh5+ Ke4 48. Re6+ Kf4 49. Bd3 Kg3 50. Rg5+ Kh2 51. Reg6 Bg3
52. Be4 Kxh3 53. Rh5+ Bh4 54. Bg2+ Kh2 55. Rxh4+ Kg1 56. Rf4 Kh2 57. Be4 Kh3
58. Bc6 Kh2 59. Rh4# 1-0

[Event "?"]
[Site "?"]
[Date "2010.01.01"]
[Round "7.32"]
[White "Werthmann, Nils"]
[Black "Faust, Adrian"]
[Result "1-0"]
[WhiteElo "1501"]
[BlackElo "876"]
[PlyCount "85"]
[EventDate "2010.??.??"]

1. e4 e5 2. Nf3 d6 3. Nc3 Bg4 4. h3 Bxf3 5. Qxf3 Nc6 6. Bc4 Nf6 7. Bb5 Be7 8.
O-O O-O 9. Bxc6 bxc6 10. Re1 d5 11. d3 d4 12. Ne2 Qd7 13. Ng3 Ne8 14. Nf5 Nd6
15. Nxe7+ Qxe7 16. Qg3 Qf6 17. f4 Rfe8 18. f5 h6 19. Rf1 a5 20. Qg4 c5 21. b3
Nb5 22. Bb2 a4 23. Rf3 a3 24. Bc1 Nc3 25. Rg3 Ra7 26. Qh5 Kh7 27. Bd2 Rg8 28.
Bxc3 dxc3 29. Qe2 Qd6 30. Kf2 Qd8 31. Rg4 Ra6 32. Qe3 Qe7 33. Qe1 Qd6 34. Qxc3
Qd4+ 35. Qxd4 exd4 36. Rc1 g6 37. fxg6+ Rgxg6 38. Rxg6 Kxg6 39. c3 Rd6 40. Ke2
Rd7 41. cxd4 cxd4 42. Rc4 Re7 43. Rxd4 1-0